ARRUPE JESUIT UNIVERSITY

CORONAVIRUS -STOP THE SPREAD - CLEAN,DISINFECT,COVER

The pluralist paradigm; (Record no. 131297)

MARC details
000 -LEADER
fixed length control field 00537nam a22001457a 4500
008 - FIXED-LENGTH DATA ELEMENTS--GENERAL INFORMATION
fixed length control field 220411b |||||||| |||| 00| 0 eng d
020 ## - INTERNATIONAL STANDARD BOOK NUMBER
International Standard Book Number 1589661516.
050 ## - LIBRARY OF CONGRESS CALL NUMBER
Classification number BL65.P7 P58 2006
100 ## - MAIN ENTRY--PERSONAL NAME
Personal name ed by Brodeur Patrice and Myers Sondras
9 (RLIN) 51311
245 ## - TITLE STATEMENT
Title The pluralist paradigm;
Remainder of title democracy and religion in the 21st century
Statement of responsibility, etc Patrice, Brodeur and Sondra, Myers
260 ## - PUBLICATION, DISTRIBUTION, ETC. (IMPRINT)
Place of publication, distribution, etc Chicago:
Name of publisher, distributor, etc The University of Sranton Press
Date of publication, distribution, etc 2006
300 ## - PHYSICAL DESCRIPTION
Extent xiii
Other physical details 164p.:
Dimensions 23cm.
650 ## - SUBJECT ADDED ENTRY--TOPICAL TERM
Topical term or geographic name as entry element democracy
General subdivision religious aspects
9 (RLIN) 17927
942 ## - ADDED ENTRY ELEMENTS (KOHA)
Source of classification or shelving scheme Library of Congress Classification
Item type Monograph ( Printed materials)
Holdings
Withdrawn status Lost status Source of classification or shelving scheme Damaged status Not for loan Collection code Home library Current library Date acquired Total Checkouts Full call number Barcode Date last seen Price effective from Koha item type
    Library of Congress Classification     Main Collection ARRUPE LIBRARY ARRUPE LIBRARY 11/04/2022   BL65.P7 P58 2006 46600009230 11/04/2022 11/04/2022 Monograph ( Printed materials)

 

Arrupe Library. PO Box MP320 Mt Pleasant, Harare, Zimbabwe
263 242 745411|librarian@aju.ac.zw